000 00351nam a2200133Ia 4500
005 20251013221639.0
008 251010s9999 xx 000 0 und d
041 _amar
100 _aनरवण वि.श्री.
_9213891
245 _aरवींद्रनाथ टागोर
250 _a1ST
260 _bDastane
_c1982
300 _a212
999 _c368123
_d368123